00300 a2200133 4500001000700000020002200007040001100029100003700040240003500077245003000112300000700142362000900149440000800158190928 a978-85-7153-307-3 cMagnum aGarcia, Maria Cláudia Siqueira10aEm busca da floresta azullpor10aEm busca da floresta azul a540 a2012 1aRHJ